[Event "Kuala Lumpur zt"]
[Site "Kuala Lumpur"]
[Date "1990.??.??"]
[Round "?"]
[White "Ye Jiangchuan"]
[Black "Johansen, Darryl K"]
[Result "1-0"]
[WhiteElo "2530"]
[BlackElo "2420"]

1.e4 c5 2.Nf3 Nc6 3.d4 cxd4 4.Nxd4 e6 5.Nc3 d6 6.Be3 Nf6 7.Be2 Be7 8.f4 O-O
9.Qd2 e5 10.Nf3 exf4 11.Bxf4 Be6 12.O-O-O Ng4 13.Rhf1 Nge5 14.Kb1 Re8 15.Nd5 Bf8
16.Ng5 Rc8 17.Bb5 a6 18.Ba4 b5 19.Bb3 Na5 20.Bxe5 Nxb3 21.axb3 dxe5 22.Qe3 Bxd5
23.exd5 f6 24.Ne4 Bd6 25.g4 Qc7 26.Qd3 Qe7 27.Rf5 Rcd8 28.g5 fxg5 29.Rxg5 Rf8
30.Rdg1 Rf7 31.R5g2 Qh4 32.Ng5 e4 33.Qd4 g6 34.Nxf7 Kxf7 35.Rg4 Qxh2 36.Qa7+ Bc7
37.R4g3 Rd7 38.d6  1-0

[Event "Kuala Lumpur Interzonal (Women)"]
[Site "Kuala Lumpur"]
[Date "1990.??.??"]
[Round "1"]
[White "Xie Jun"]
[Black "Sziva, Erika"]
[Result "1-0"]
[WhiteElo "2360"]
[BlackElo "2250"]

1.e4 c5 2.Nf3 e6 3.Nc3 Nc6 4.d4 cxd4 5.Nxd4 Qc7 6.Be2 a6 7.O-O Nf6 8.Kh1 Nxd4
9.Qxd4 Bc5 10.Qd3 h5 11.f4 Ng4 12.e5 d6 13.exd6 Bxd6 14.Bd2 Bd7 15.Ne4 Be7
16.Qc3 Bc6 17.Bd3 O-O-O 18.Qa5 h4 19.h3 Nh6 20.Qxc7+ Kxc7 21.Rfe1 Rd7 22.Kh2 Nf5
23.Bc3 Nd4 24.a4 Re8 25.Rf1 g6 26.Nd2 b6 27.Nc4 f6 28.Ne3 g5 29.fxg5 f5 30.Nc4 Bxg5
31.Ne5 Rd5 32.Nxc6 Nxc6 33.Bxa6 Bd2 34.Bf6 e5 35.Bxh4 Bf4+ 36.Kh1 Rd2 37.Rf2 Rxf2
38.Bxf2 e4 39.Bb5 Rd8 40.Bxc6 Kxc6 41.Be1 Be5 42.c3 e3 43.Kg1 e2 44.Kf2 Rd1
45.Ra2 Bg3+ 46.Kxg3 Rxe1 47.Kf2 Rg1 48.Kxe2 Rxg2+ 49.Kf3 Rg1 50.a5  1-0

[Event "Kuala Lumpur Interzonal (Women)"]
[Site "Kuala Lumpur"]
[Date "1990.??.??"]
[Round "5"]
[White "Wagner Michel, Annett"]
[Black "Maric, Alisa"]
[Result "0-1"]
[WhiteElo "2260"]
[BlackElo "2305"]

1.e4 c5 2.Nf3 e6 3.d4 cxd4 4.Nxd4 Nc6 5.Nc3 Qc7 6.g3 a6 7.Bg2 d6 8.O-O Bd7
9.a4 Nxd4 10.Qxd4 Nf6 11.a5 Be7 12.h3 O-O 13.Be3 Bc6 14.Qd2 Nd7 15.f4 Rac8
16.Rfd1 Rfd8 17.Qf2 Bf6 18.Qe1 Qb8 19.Ra3 Be7 20.Raa1 Re8 21.Bf2 Bf8 22.Qd2 e5
23.Rac1 b5 24.Nd5 Bxd5 25.Qxd5 Qc7 26.Qd2 Nf6 27.f5 Qb7 28.Re1 Rc4 29.Qd3 Rec8
30.Re2 Be7 31.Ra1 Nd7 32.h4 h6 33.g4 Qc6 34.c3 Nc5 35.Qe3 b4 36.cxb4 Rxb4
37.g5 hxg5 38.hxg5 Rb3 39.Qd2 Rd3 40.Qb4 Bxg5 41.Qc4 Rb3 42.Rc2 Qb7 43.Rd1 Be7
44.Rdd2 Rb8 45.Bxc5 dxc5 46.Bf1 Bg5 47.Rg2 Be3+ 48.Kh1 Rb4 49.Qd5 Rxe4 50.Qxb7 Rh4+
51.Rh2 Rxh2+ 52.Kxh2 Rxb7 53.Bxa6 Ra7 54.Bc4 Rxa5 55.b3 Ra1 56.Kg3 Bd4 57.Kf3 Kf8
58.Rg2 Ke7 59.Ke4 Kf6 60.Re2 Rf1  0-1

[Event "Kuala Lumpur Interzonal (Women)"]
[Site "Kuala Lumpur"]
[Date "1990.??.??"]
[Round "10"]
[White "Makropoulou, Marina"]
[Black "Alexandria, Nana"]
[Result "0-1"]
[WhiteElo "2230"]
[BlackElo "2360"]

1.e4 c5 2.Nf3 e6 3.d4 cxd4 4.Nxd4 Nc6 5.Nc3 Qc7 6.Be3 Nf6 7.Be2 a6 8.O-O Be7
9.f4 d6 10.Qe1 O-O 11.Rd1 Bd7 12.a4 Nxd4 13.Bxd4 Bc6 14.Qg3 Rad8 15.Kh1 b5
16.axb5 axb5 17.Nxb5 Bxb5 18.Bxb5 Qxc2 19.Bd3 Qa4 20.Bc3 g6 21.Ra1 Qc6 22.Ra7 Rd7
23.Rxd7 Nxd7 24.Qe3 Bf6 25.Bxf6 Nxf6 26.Qd4 Nd7 27.b4 Ra8 28.h3 Ra3 29.Ra1 e5  0-1

[Event "Kuala Lumpur Interzonal (Women)"]
[Site "Kuala Lumpur"]
[Date "1990.??.??"]
[Round "15"]
[White "Sziva, Erika"]
[Black "Maric, Alisa"]
[Result "0-1"]
[WhiteElo "2250"]
[BlackElo "2305"]

1.e4 c5 2.Nf3 e6 3.d4 cxd4 4.Nxd4 Nc6 5.Nc3 Qc7 6.Be3 a6 7.Be2 Nf6 8.O-O Be7
9.f4 d6 10.Kh1 O-O 11.a4 Re8 12.Bd3 Nb4 13.Qe2 b6 14.Rae1 Bb7 15.Bg1 Rac8
16.Qf2 Nd7 17.Qg3 Bf6 18.Nf3 g6 19.Nd4 Bg7 20.Qh3 Nc5 21.f5 exf5 22.exf5 Rxe1
23.Rxe1 Nbxd3 24.cxd3 Qd7 25.Qh4 Re8 26.Rf1 Re5 27.fxg6 hxg6 28.Nf3 Rh5 29.Qb4 Nxd3
30.Qxb6 Ne5 31.Nxe5 Bxe5 32.Qb3 Bxg2+  0-1

[Event "Mitropa-Cup"]
[Site "Leibnitz"]
[Date "1990.??.??"]
[Round "3"]
[White "Reeh, Oliver"]
[Black "Horvath, Jozsef"]
[Result "1/2-1/2"]
[WhiteElo "2465"]
[BlackElo "2540"]

1.e4 c5 2.Nf3 e6 3.d4 cxd4 4.Nxd4 Nc6 5.Nc3 Qc7 6.f4 a6 7.Nxc6 bxc6 8.Bd3 d6
9.O-O Nf6 10.Qe2 Nd7 11.Kh1 Be7 12.Bd2 O-O 13.Rae1 Nc5 14.e5 d5 15.Bxh7+ Kxh7
16.Qh5+ Kg8 17.Re3 f5 18.Rh3 Bd7 19.Rff3 Be8 20.Qh7+ Kf7 21.Qh5+ Kg8 22.Qh7+ Kf7
23.Qh5+ Kg8  1/2-1/2

[Event "Leningrad it"]
[Site "Leningrad"]
[Date "1990.??.??"]
[Round "?"]
[White "Schmidt, Stefan"]
[Black "Yuneev, Alexey"]
[Result "1-0"]
[WhiteElo "2285"]
[BlackElo "2370"]

1.e4 c5 2.Nf3 e6 3.d4 cxd4 4.Nxd4 Nc6 5.Nc3 d6 6.Nxc6 bxc6 7.Bd3 Nf6 8.Qe2 Qc7
9.f4 Be7 10.O-O O-O 11.Kh1 Nd7 12.Be3 Rb8 13.Rf3 Rxb2 14.Raf1 Re8 15.e5 Nf8
16.Rh3 g6 17.Ne4 d5 18.Nf6+ Bxf6 19.exf6 e5 20.f5 e4 21.Bc1 Bxf5 22.Rxf5 Rb1
23.Rf1 Re6 24.Ba6 Qe5 25.Rb3 Rxb3 26.axb3 Rxf6 27.Rxf6 Qxf6 28.Be3 d4 29.Qf2 Qxf2
30.Bxf2 Ne6 31.Bc4 e3 32.Bg3 Ng5 33.Bb8 Ne4 34.Bxa7 c5 35.Kg1 Kg7 36.Bd3  1-0

[Event "Litomerice"]
[Site "Litomerice"]
[Date "1990.??.??"]
[Round "1"]
[White "Langner, Ladislav"]
[Black "Ksieski, Zbigniew"]
[Result "0-1"]
[WhiteElo "2390"]
[BlackElo "2395"]

1.e4 c5 2.Nf3 e6 3.d4 cxd4 4.Nxd4 Nc6 5.Nc3 d6 6.Bc4 Nf6 7.O-O Be7 8.f4 d5
9.Nxc6 bxc6 10.Bd3 Ba6 11.e5 Bxd3 12.cxd3 Nd7 13.Be3 O-O 14.Rc1 c5 15.d4 Rc8
16.f5 cxd4 17.Bxd4 Rc4 18.Bxa7 Qa5 19.Be3 Nxe5 20.Bf4 Rxf4 21.Rxf4 Bg5 22.Ne2 Bxf4
23.Nxf4 Qb6+ 24.Kh1 Qe3 25.Qf1 Ng4 26.Nh3 Qe5 27.Qf4 Qxb2 28.Re1 Qc3 29.Re2 h5
30.Ng1 e5 31.Qg5 Nf6 32.h3 e4 33.g4 hxg4 34.hxg4 Rb8 35.Rh2 Rb1 36.Qh4 Qf3+
37.Rg2 Qf4 38.Rh2 Kf8 39.g5 Qf3+ 40.Rg2 Nh5 41.g6 f6 42.Qh2 Qxf5 43.Qd6+ Ke8
44.Qc6+ Qd7 45.Qa8+ Ke7 46.Qa3+ Qd6 47.Qa7+ Ke6 48.Rd2 Kf5 49.Qf7 d4 50.Rf2+ Ke5
51.Kh2 d3 52.Qc4 d2 53.Re2 Kf5+  0-1

[Event "Los Yebenes"]
[Site "Los Yebenes"]
[Date "1990.??.??"]
[Round "?"]
[White "Fernandes, Antonio"]
[Black "Illescas Cordoba, Miguel"]
[Result "0-1"]
[WhiteElo "2440"]
[BlackElo "2530"]

1.e4 c5 2.Nf3 e6 3.d4 cxd4 4.Nxd4 Nc6 5.Nc3 a6 6.g3 d6 7.Bg2 Bd7 8.O-O Nf6
9.Kh1 Be7 10.f4 O-O 11.Be3 Nxd4 12.Bxd4 Bc6 13.Qe2 b5 14.a3 Qc7 15.Rad1 Rac8
16.g4 e5 17.Be3 exf4 18.Bxf4 Nd7 19.Rf3 Ne5 20.Rh3 a5 21.g5 g6 22.Qf2 b4
23.axb4 axb4 24.Bxe5 dxe5 25.Nd5 Bxd5 26.Qh4 h5 27.exd5 Qxc2 28.Rhd3 Bd6
29.R3d2 Qb3 30.Be4 Rc4 31.Re1 Bc5 32.Kg2 Rd4 33.Rde2 Be7 34.Ra1 Bxg5 35.Qxg5 Rxe4
36.Rxe4 Qxb2+ 37.Kh3 Qxa1 38.d6  0-1

[Event "Luxembourg op"]
[Site "Luxembourg"]
[Date "1990.??.??"]
[Round "4"]
[White "Mainka, Romuald"]
[Black "Jansa, Vlastimil"]
[Result "0-1"]
[WhiteElo "2445"]
[BlackElo "2475"]

1.e4 c5 2.Nf3 e6 3.d4 cxd4 4.Nxd4 Nc6 5.Nc3 a6 6.g3 d6 7.Bg2 Qc7 8.O-O Nf6
9.Re1 Rb8 10.Nxc6 bxc6 11.Na4 Nd7 12.c4 c5 13.b3 Be7 14.Be3 O-O 15.f4 Bb7
16.Qc2 Rfe8 17.Rad1 Rbd8 18.Rd3 Nf6 19.Nc3 Bc6 20.Bf3 Qb7 21.Qg2 a5 22.Bf2 Nd7
23.Red1 Nf8 24.h4 a4 25.Nxa4 Bxa4 26.e5 Qc7 27.exd6 Rxd6 28.bxa4 Rb8 29.Qf1 Rxd3
30.Qxd3 Qa5 31.Qc2 Bf6 32.Be1 Qa6 33.a5 Bd4+ 34.Kh1 Rb2 35.Qa4 e5 36.fxe5 Qe6
37.Bg2 Qxe5 38.Qc6 Qe3 39.Kh2 Qe2 40.Rc1 Qe3 41.Rd1 g5 42.Kh3 Qe2 43.Qf3 g4+
44.Qxg4+ Qxg4+ 45.Kxg4 Rxg2 46.Rd2 Rg1 47.Re2 Rf1 48.Re8 Rf6 49.Rb8 Ra6 50.Bd2 Kg7
51.Rb6 Ra8 52.Bh6+ Kg8 53.Bxf8 Kxf8 54.a6 Be5 55.Rc6 f6 56.h5 Ke7 57.Kf5 Kd7
58.Rxc5 Rxa6 59.Rb5 Bxg3 60.Rb7+ Bc7 61.h6 Kc8 62.Rb1 Bd8  0-1

[Event "Luxembourg op"]
[Site "Luxembourg"]
[Date "1990.??.??"]
[Round "4"]
[White "Watson, William N"]
[Black "Rajkovic, Dusan"]
[Result "1-0"]
[WhiteElo "2470"]
[BlackElo "2460"]

1.e4 c5 2.Nf3 Nc6 3.d4 cxd4 4.Nxd4 e6 5.Nc3 Qc7 6.f4 a6 7.Nf3 Bc5 8.Bd3 b5
9.Qe2 d6 10.Be3 Bxe3 11.Qxe3 Nf6 12.O-O-O O-O 13.e5 Ng4 14.Qe2 dxe5 15.Bxh7+ Kxh7
16.Ng5+ Kg8 17.Qxg4 f6 18.Nxe6 Qe7 19.Rd6 Nd4 20.Nd5 Qxe6 21.Rxe6 Bxe6 22.Ne7+ Kf7
23.f5 Kxe7 24.fxe6 Nxe6 25.a4 Rfc8 26.Qb4+ Rc5 27.Rd1 a5 28.Qe4 Rac8 29.axb5 Rxb5
30.Qd3 Nd4 31.c3 Rb7 32.Kb1 Nb5 33.Ka2 Rcb8 34.g4 a4 35.g5 a3 36.gxf6+ gxf6
37.b4 Rc7 38.c4 Nd4 39.Qh7+ Kd6 40.c5+ Kc6 41.Qe4+ Kd7 42.Qf5+  1-0

[Event "Luxembourg op"]
[Site "Luxembourg"]
[Date "1990.??.??"]
[Round "6"]
[White "Watson, William N"]
[Black "Jansa, Vlastimil"]
[Result "1/2-1/2"]
[WhiteElo "2470"]
[BlackElo "2475"]

1.e4 c5 2.Nf3 e6 3.d4 cxd4 4.Nxd4 Nc6 5.Nc3 Qc7 6.g3 a6 7.Bg2 Nf6 8.O-O d6
9.Re1 Rb8 10.Nxc6 bxc6 11.e5 dxe5 12.Rxe5 Bd6 13.Re2 O-O 14.b3 c5 15.Bb2 Bb7
16.Bxb7 Rxb7 17.Ne4 Nxe4 18.Rxe4 Rd8 19.Qe2 Rb4 20.c4 Bf8 21.Rg4 Qe7 22.Re1 Rb6
23.Be5 f5 24.Rf4 Qd7 25.Bc3 Qd3 26.Rf3 Qxe2 27.Rxe2 Rd7 28.Kf1 Rbd6 29.Rfe3 Kf7
30.Be5 Rd1+ 31.Re1 g5 32.Bc3 Rxe1+ 33.Kxe1 g4 34.Ke2 Bd6 35.Rd3 Ke7 36.Bd2 Bc7
37.a3 Rxd3 38.Kxd3 Kd6 39.b4 Kc6 40.Be3 cxb4 41.axb4 h5 42.Bg5 Be5 43.Be7 Bb2
44.Bd8 Bg7 45.Bg5 Bf8 46.Kc3 Bg7+ 47.Kd3  1/2-1/2

[Event "Lyon op"]
[Site "Lyon"]
[Date "1990.??.??"]
[Round "?"]
[White "Calvo Minguez, Ricardo"]
[Black "Krnic, Zdenko"]
[Result "0-1"]
[WhiteElo "2375"]
[BlackElo "2450"]

1.e4 c5 2.Nf3 Nc6 3.d4 cxd4 4.Nxd4 e6 5.Nc3 a6 6.g3 Nxd4 7.Qxd4 Ne7 8.Bg2 Nc6
9.Qe3 b5 10.O-O Bb7 11.b3 f6 12.Bb2 Rc8 13.Ne2 Nb4 14.Rad1 Rxc2 15.Bc3 Qc7
16.a3 Na2 17.Bd2 Bxa3 18.Qf3 O-O 19.Nd4 Rb2 20.Qg4 Bc5 21.Bf4 Qb6 22.Be3 Nc3
23.b4 Nxd1 24.Bh6 Rf7 25.bxc5 Qxc5 26.Rxd1 e5 27.Be3 exd4 28.Bxd4 h5 29.Qf3 Qb4
30.Bxb2 Qxb2 31.Bh3 g6 32.Bxd7 Qe5 33.Qb3 Qxe4  0-1

[Event "Lyon op"]
[Site "Lyon"]
[Date "1990.??.??"]
[Round "?"]
[White "Iruzubieta, Jesus Maria"]
[Black "Krnic, Zdenko"]
[Result "0-1"]
[WhiteElo "2255"]
[BlackElo "2450"]

1.e4 c5 2.Nf3 Nc6 3.d4 cxd4 4.Nxd4 e6 5.Nc3 a6 6.f4 Nge7 7.Nf3 Ng6 8.Be3 b5
9.Bd3 Be7 10.O-O O-O 11.Qe1 Qc7 12.e5 d6 13.exd6 Bxd6 14.Ng5 f5 15.Rd1 Rb8
16.Qg3 Nce7 17.Ne2 e5 18.fxe5 Bxe5 19.Nf4 Rb6 20.Qf2 Rbf6 21.c3 h6 22.Ngh3 Bb7
23.Bc2 Kh8 24.Bd4 Qc6 25.Rd2 a5 26.Re1 Qc7 27.Nxg6+ Nxg6 28.Bxe5 Nxe5 29.Nf4 Ng4
30.Qd4 Be4 31.g3 Bxc2 32.Rxc2 Rd8 33.Nd5 Qf7 34.Nxf6 Rxd4 35.Re8+ Qxe8 36.Nxe8 Rd1+
37.Kg2 Ne3+  0-1

[Event "Lyon zt"]
[Site "Lyon"]
[Date "1990.??.??"]
[Round "3"]
[White "Renet, Olivier"]
[Black "Lautier, Joel"]
[Result "1/2-1/2"]
[WhiteElo "2520"]
[BlackElo "2500"]

1.e4 c5 2.Nf3 e6 3.d4 cxd4 4.Nxd4 Nc6 5.Nc3 Qc7 6.Be2 a6 7.O-O Nf6 8.Be3 Bb4
9.Na4 b5 10.Nxc6 dxc6 11.Bc5 bxa4 12.Bxb4 c5 13.Ba3 Nxe4 14.Bf3 Bb7 15.Re1 Nd6
16.Re5 Rd8 17.Rxc5 Qb6 18.Qd4 Bxf3 19.Qxa4+ Nb5 20.c4 Bc6 21.cxb5 Bxb5 22.Qg4 O-O
23.h3 f5 24.Qf4 Rf7 25.Rac1 Rfd7 26.Rc8 h6 27.b3 Qd4 28.Qxd4 Rxd4 29.Bb2 Rd1+
30.Kh2 Kf7 31.a4 Be8 32.Rxd8 Rxd8 33.Rc7+ Rd7 34.Rc8 Rb7 35.Ra8 Bxa4 36.Bxg7 Bxb3
37.Bxh6 Bc4 38.Bf4 Kf6 39.Rf8+ Ke7 40.Rc8 Bd5 41.Be5 Kf7 42.f3 Re7 43.Kg3 Kg6
44.Kf4 Rb7 45.Bc3 Rb1 46.Rg8+ Kh7 47.Rh8+ Kg6 48.Rg8+ Kh7 49.Rg7+ Kh6 50.g4 fxg4
51.hxg4 Rb4+ 52.Kg3 Rb3 53.Rc7 e5 54.f4 exf4+ 55.Kxf4 Rb7 56.Rc5 Rf7+ 57.Kg3 Be4
58.Kh4 Rf2 59.Bd4 Rh2+ 60.Kg3 Rc2 61.Rh5+ Kg6 62.Kf4  1/2-1/2

[Event "Lyon zt"]
[Site "Lyon"]
[Date "1990.??.??"]
[Round "7"]
[White "Koch, Jean Rene"]
[Black "Meulders, Richard"]
[Result "1/2-1/2"]
[WhiteElo "2425"]
[BlackElo "2320"]

1.e4 c5 2.Nf3 Nc6 3.d4 cxd4 4.Nxd4 e6 5.Nc3 Qc7 6.Be2 a6 7.O-O Nf6 8.Be3 Bb4
9.Na4 O-O 10.Nxc6 bxc6 11.f4 Rb8 12.Bd3 Be7 13.c4 d6 14.Rc1 e5 15.f5 Re8
16.b3 h6 17.Rc2 Qa5 18.Bd2 Qd8 19.Qe1 d5 20.cxd5 cxd5 21.Ba5 Qd7 22.Bc7 dxe4
23.Bxe4 Rb4 24.Bf3 e4 25.Be2 Nd5 26.Ba5 Rxa4 27.bxa4 Ne3 28.Rc7 Qxa4 29.Rf2 Bd6
30.Rc1 Ba3 31.Rc7 Bd6 32.Rc1 Ba3 33.Rc7  1/2-1/2

[Event "Lyon zt"]
[Site "Lyon"]
[Date "1990.??.??"]
[Round "13"]
[White "Van der Wiel, John TH"]
[Black "Meulders, Richard"]
[Result "1-0"]
[WhiteElo "2550"]
[BlackElo "2320"]

1.e4 c5 2.Nf3 e6 3.d4 cxd4 4.Nxd4 Nc6 5.Nc3 Qc7 6.Be2 a6 7.O-O Nf6 8.Kh1 Nxd4
9.Qxd4 Bc5 10.Qd3 h5 11.f4 b5 12.e5 Ng4 13.Qh3 Nh6 14.Qxh5 Bb7 15.Bf3 O-O-O
16.Bxb7+ Qxb7 17.Qf3 Nf5 18.h3 Qxf3 19.Rxf3 Nd4 20.Rd3 Nxc2 21.Ne4 Nxa1 22.Nxc5 a5
23.Bd2 d6 24.exd6 b4 25.g4 Rd7 26.Kg2 Rhd8 27.Nxd7 Kxd7 28.h4 g6 29.f5 Nc2
30.fxg6 fxg6 31.Kg3 e5 32.Bg5 Rf8 33.Rf3 Rxf3+ 34.Kxf3 Kxd6 35.Ke4 Ke6 36.b3 Nd4
37.Bd8 Nb5 38.Bxa5 Nc3+ 39.Kd3 Nxa2 40.Kc4 e4 41.Bxb4 e3 42.Bc5 e2 43.Bf2 Ke5
44.Bg3+ Ke4 45.g5 Nc1 46.h5 Nd3 47.h6 Ne5+ 48.Kc3  1-0

[Event "Manila Interzonal"]
[Site "Manila"]
[Date "1990.??.??"]
[Round "3"]
[White "Thipsay, Praveen Mahadeo"]
[Black "Illescas Cordoba, Miguel"]
[Result "1/2-1/2"]
[WhiteElo "2490"]
[BlackElo "2535"]

1.e4 c5 2.Nf3 e6 3.d4 cxd4 4.Nxd4 Nc6 5.Nc3 Qc7 6.Be2 a6 7.Be3 b5 8.Nxc6 Qxc6
9.Bf3 Bb7 10.O-O Qc7 11.e5 Rd8 12.Re1 d5 13.Qd4 Rc8 14.Rac1 Ne7 15.Bf4 Ng6
16.Bg3 Bc5 17.Qd3 O-O 18.Nb1 Be7 19.c3 Qb6 20.a3 Bg5 21.Rcd1 Ne7 22.Bg4 Rc4
23.h3 a5 24.Nd2 Bxd2 25.Qxd2 b4 26.cxb4 axb4 27.Be2 Re4 28.Bd3 Rxe1+ 29.Rxe1 bxa3
30.bxa3 Ba6 31.Bh4 Ng6 32.Bxg6 hxg6 33.Rc1 Rc8 34.Be7 Rxc1+ 35.Qxc1 Qb5 36.Qc5 Qd3
37.Qe3 Qf1+  1/2-1/2

[Event "Melbourne Masters"]
[Site "Melbourne"]
[Date "1990.??.??"]
[Round "4"]
[White "Depasquale, Chris"]
[Black "Fuller, Maxwell L"]
[Result "0-1"]
[WhiteElo "2315"]
[BlackElo "2325"]

1.e4 c5 2.Nf3 e6 3.d4 cxd4 4.Nxd4 Nc6 5.Nc3 Qc7 6.g3 a6 7.Bg2 Nf6 8.O-O Be7
9.Be3 d6 10.h3 Bd7 11.Kh2 O-O 12.f4 Rac8 13.Qe2 b5 14.a3 Na5 15.Rad1 Nc4
16.Bc1 Nxa3 17.e5 Ne8 18.f5 dxe5 19.fxe6 fxe6 20.Nxe6 Bxe6 21.Bd5 Bxd5 22.Nxd5 Qb7
23.Rxf8+ Bxf8 24.bxa3 Nd6 25.c3 Qf7 26.Qg2 e4 27.Bf4 Qe6 28.g4 Nc4 29.g5 Kh8
30.h4 Bd6 31.Qg3 Ne5 32.h5 Nf3+ 33.Kh1 Bxf4 34.Nxf4 Qb3 35.Rf1 Qxc3 36.Qh3 Re8
37.Qd7 Qc8 38.Qf7 Rf8 39.Qe6 Qc7 40.h6 Qxf4  0-1

[Event "Meudon"]
[Site "Meudon"]
[Date "1990.??.??"]
[Round "3"]
[White "Marcantoni, Herve"]
[Black "Belkhodja, Slim"]
[Result "0-1"]
[WhiteElo "2170"]
[BlackElo "2385"]

1.e4 c5 2.Nf3 Nc6 3.d4 cxd4 4.Nxd4 e6 5.Nc3 d6 6.Be3 Nf6 7.Bc4 Be7 8.Bb3 O-O
9.Qe2 d5 10.O-O-O Bb4 11.Nxe6 fxe6 12.exd5 Na5 13.dxe6 Qe7 14.Nb5 Nxb3+ 15.axb3 Bxe6
16.c3 Rac8 17.Nd4 Bg4 18.f3 Bxc3 19.bxc3 Rxc3+ 20.Kd2 Ne4+  0-1

[Event "Moscow2"]
[Site "Moscow"]
[Date "1990.??.??"]
[Round "?"]
[White "Goetz, Ralph"]
[Black "Simon, Ralf Axel"]
[Result "1/2-1/2"]
[WhiteElo "2315"]
[BlackElo "2340"]

1.e4 c5 2.Nf3 Nc6 3.d4 cxd4 4.Nxd4 e6 5.Nc3 a6 6.Nxc6 bxc6 7.Bd3 d6 8.O-O Nf6
9.f4 Be7 10.Kh1 Qc7 11.Qe1 Nd7 12.Qg3 O-O 13.e5 dxe5 14.f5 Kh8 15.fxe6 Nc5  1/2-1/2

[Event "Moscow2"]
[Site "Moscow"]
[Date "1990.??.??"]
[Round "?"]
[White "Muhutdinov, Marat"]
[Black "Goetz, Ralph"]
[Result "1/2-1/2"]
[WhiteElo "2420"]
[BlackElo "2315"]

1.e4 c5 2.Nf3 Nc6 3.Nc3 e6 4.d4 cxd4 5.Nxd4 Nf6 6.Nxc6 bxc6 7.e5 Nd5 8.Ne4 Qc7
9.f4 Qb6 10.c4 Ne3 11.Qd3 Nf5 12.b3 Be7 13.g4 Qd4 14.Rb1 Qxd3 15.Bxd3 Nh4
16.Kf2 f5 17.exf6 gxf6 18.Bb2 Rf8 19.Kg3 Ng6 20.c5 f5 21.Nd6+ Bxd6 22.cxd6 fxg4
23.Rhf1 Rg8 24.f5 Nf8 25.Rf4 a5 26.Ra4 Rg5 27.Rf1 exf5 28.Bxf5 Ba6 29.Re1+ Ne6
30.Rxa5 Bb7 31.Rxa8+ Bxa8 32.Rxe6+ dxe6 33.Bxe6 Rg6 34.d7+ Kd8 35.Bf5 Rd6
36.Kxg4 c5 37.Kf4 Bc6 38.Be5 Rxd7 39.Bf6+ Kc7 40.Bxd7 Kxd7 41.Ke5 Bf3 42.h4 Kc6
43.Be7  1/2-1/2

[Event "Moscow2"]
[Site "Moscow"]
[Date "1990.??.??"]
[Round "?"]
[White "Muhutdinov, Marat"]
[Black "Ksieski, Zbigniew"]
[Result "1-0"]
[WhiteElo "2420"]
[BlackElo "2395"]

1.e4 c5 2.Nf3 e6 3.Nc3 Nc6 4.d4 cxd4 5.Nxd4 d6 6.Be3 Nf6 7.Bc4 Na5 8.Bd3 a6
9.Qe2 e5 10.Nb3 Be6 11.O-O Be7 12.f4 b5 13.fxe5 dxe5 14.Rad1 O-O 15.Bxb5 Qc8
16.Nxa5 axb5 17.Qxb5 Bd7 18.Qxe5 Re8 19.Nb3 Ba3 20.Qg3 Bxb2 21.Bd4 Bxc3 22.Bxc3 Nh5
23.Qf3 Be6 24.Rd3 Rxa2 25.Qxh5 Rxc2 26.Nd4 Qc4 27.Nxe6 Qxe6 28.Qd5 f6 29.Qxe6+ Rxe6
30.Re1 Rc6 31.Bd2 Ra2 32.Kf2 h5 33.Ke3 Kh7 34.Rb1 Rc5 35.Rd5  1-0

[Event "Moscow op"]
[Site "Moscow"]
[Date "1990.??.??"]
[Round "?"]
[White "Smirin, Ilia"]
[Black "Krasenkow, Michal"]
[Result "1/2-1/2"]
[WhiteElo "2555"]
[BlackElo "2535"]

1.e4 c5 2.Nf3 e6 3.Nc3 Nc6 4.d4 cxd4 5.Nxd4 Nf6 6.Nxc6 bxc6 7.e5 Nd5 8.Ne4 Qc7
9.f4 Qb6 10.c4 Bb4+ 11.Ke2 f5 12.Nf2 Ba6 13.Kf3 Ne7 14.Be3 Bc5 15.Bxc5 Qxc5
16.Qd6 Qb6 17.b3 c5 18.Rd1 Bb7+ 19.Kg3 Kf7 20.h4 Rhd8 21.Be2  1/2-1/2

[Event "Moscow2"]
[Site "Moscow"]
[Date "1990.??.??"]
[Round "?"]
[White "Bokan, Danko"]
[Black "Simon, Ralf Axel"]
[Result "0-1"]
[WhiteElo "2260"]
[BlackElo "2340"]

1.e4 c5 2.Nf3 Nc6 3.d4 cxd4 4.Nxd4 e6 5.Nc3 a6 6.Bf4 d6 7.Nxc6 bxc6 8.Bc4 d5
9.exd5 cxd5 10.Qf3 Nf6 11.O-O-O Be7 12.Bb3 O-O 13.g4 Nd7 14.h4 Nc5 15.Rh2 Bd7
16.g5 a5 17.a4 Nxb3+ 18.cxb3 Qb6 19.Ne2 Ra7 20.Be5 f6 21.gxf6 Bxf6 22.Bxf6 Qc7+
23.Kb1 Qxh2 24.Qe3 Rb7 25.Bd4 e5 26.Bxe5 Qxf2 27.Qxf2 Rxf2 28.Nd4 Bg4 29.Rc1 Rd2
30.Nb5 Rd1 31.Bc3 Bf5+ 32.Ka2 Rxc1 33.Bxa5 Bd7 34.Nd4 Rh1 35.Bc3 Rxh4 36.a5 h5
37.b4  0-1

[Event "Goldberg mem"]
[Site "Moscow"]
[Date "1990.??.??"]
[Round "3"]
[White "Bokan, Danko"]
[Black "Kalegin, Evgenij"]
[Result "0-1"]
[WhiteElo "2260"]
[BlackElo "2380"]

1.e4 c5 2.Nf3 e6 3.d4 cxd4 4.Nxd4 Nc6 5.Nc3 Qc7 6.Be2 a6 7.O-O Nf6 8.Kh1 Be7
9.f4 d6 10.Nb3 b5 11.Bf3 Bb7 12.a3 O-O 13.g4 d5 14.e5 Ne4 15.Nxe4 dxe4 16.Bg2 b4
17.axb4 Nxb4 18.c3 Rfd8 19.Qe2 Bd5 20.Na5 Nc6 21.Nxc6 Qxc6 22.Re1 h6 23.Be3 a5
24.Bf2 a4 25.Bxe4 Bc5 26.Bxc5 Qxc5 27.Bxd5 Rxd5 28.Red1 Rxd1+ 29.Rxd1 a3
30.bxa3 Qxc3 31.Rd3 Qc1+ 32.Qd1 Qxf4 33.Rd8+ Rxd8 34.Qxd8+ Kh7 35.Qd3+ g6
36.Qg3 Qf1+ 37.Qg1 Qf3+ 38.Qg2 Qd1+ 39.Qg1 Qd5+ 40.Qg2 Qxe5 41.Qf3 Kg7 42.h3 Qd4
43.Qb3 e5 44.a4 e4 45.Kg2 Qd2+  0-1

[Event "Goldberg mem"]
[Site "Moscow"]
[Date "1990.??.??"]
[Round "9"]
[White "Kalegin, Evgenij"]
[Black "Doghri, Nabil"]
[Result "1-0"]
[WhiteElo "2380"]
[BlackElo "2280"]

1.e4 c5 2.Nf3 e6 3.Nc3 Nc6 4.d4 cxd4 5.Nxd4 d6 6.Be2 Nf6 7.O-O Be7 8.Kh1 O-O
9.f4 a6 10.Be3 Qc7 11.Qe1 Nxd4 12.Bxd4 b5 13.Qg3 Bb7 14.a3 g6 15.f5 e5 16.Be3 Kh8
17.Bg5 Qd8 18.Qh4 gxf5 19.Rxf5 Ng8 20.Raf1 Bxg5 21.Rxg5 f6 22.Rh5 Rf7 23.Bg4 Bc8
24.Nd5 Bxg4 25.Qxg4 Qc8 26.Qe2 Qe6 27.Qf2 Raf8 28.Qh4 Rg7 29.Rf3 Rff7 30.Rhf5 Rg6
31.b3 Kg7 32.Ne3 Ne7 33.Rh5 Kh8 34.Rh6 Rxh6 35.Qxh6 d5 36.exd5 Nxd5 37.Nxd5 Qxd5
38.Rd3 Qa8 39.Rd6 f5 40.Qe6 Qe4 41.h3 f4 42.Qc8+ Kg7 43.Qg4+ Kf8 44.Qh4 Qf5
45.Qh6+ Ke8 46.Rxa6 Qe4  1-0

[Event "Goldberg mem"]
[Site "Moscow"]
[Date "1990.??.??"]
[Round "15"]
[White "Bokan, Danko"]
[Black "Vasiliev, Rustam N"]
[Result "0-1"]
[WhiteElo "2220"]
[BlackElo "2390"]

1.e4 c5 2.Nf3 e6 3.d4 cxd4 4.Nxd4 Nc6 5.Nc3 a6 6.Bf4 d6 7.Nxc6 bxc6 8.Bc4 d5
9.exd5 cxd5 10.Qf3 Nf6 11.O-O-O Be7 12.Bxd5 exd5 13.Nxd5 Nxd5 14.Rxd5 Qb6
15.Re5 Ra7 16.Be3 Qc7 17.Rxe7+ Qxe7 18.Bxa7 Qxa7 19.Qc6+ Bd7 20.Qd6 Kd8 21.Rd1 Re8
22.c4 Kc8 23.b4 Re6 24.Qf8+ Be8 25.c5 Qb7 26.Qxg7 Qxb4 27.Qg5 Qc3+ 28.Kb1 f6
29.Qg8 Re4 30.Rd8+ Kxd8 31.Qd5+ Kc8 32.Qa8+ Kc7 33.Qa7+ Kc6 34.Qa8+ Kxc5
35.Qa7+ Kb5 36.Qb7+ Kc5 37.Qa7+ Kb5 38.Qb7+ Ka5 39.Qd5+ Bb5 40.Qd8+ Ka4 41.Qd1+ Ka3  0-1

[Event "Munich"]
[Site "Munich"]
[Date "1990.??.??"]
[Round "?"]
[White "Kindermann, Stefan"]
[Black "Ribli, Zoltan"]
[Result "1/2-1/2"]
[WhiteElo "2560"]
[BlackElo "2605"]

1.e4 c5 2.Nc3 e6 3.Nf3 Nc6 4.d4 cxd4 5.Nxd4 Qc7 6.g3 a6 7.Bg2 Nf6 8.O-O Be7
9.Re1 O-O 10.Nxc6 dxc6 11.e5 Rd8 12.Qf3 Nd5 13.h4 Nxc3 14.Qxc3 Bd7 15.Bg5 Be8
16.Be4 c5 17.Bxe7 Qxe7 18.Rad1 Qc7 19.b4 Rxd1 20.Rxd1 Rc8 21.Qxc5 Qxc5 22.bxc5 Rxc5
23.Bxb7 Rxc2 24.Rd8 Kf8 25.Ra8 Rc5 26.Rxa6 Rxe5 27.a4 Re1+ 28.Kg2 Ra1 29.a5 Bb5
30.Ra7 g6 31.g4 h6  1/2-1/2

[Event "Nea Makri zt"]
[Site "Nea Makri"]
[Date "1990.??.??"]
[Round "?"]
[White "Cabrilo, Goran"]
[Black "Martidis, Alkis"]
[Result "1/2-1/2"]
[WhiteElo "2480"]
[BlackElo "2300"]

1.e4 c5 2.Nf3 e6 3.d4 cxd4 4.Nxd4 Nc6 5.Nc3 Qc7 6.Be3 a6 7.Bd3 b5 8.O-O Bb7
9.Qe2 Nf6 10.f4 Nxd4 11.Bxd4 Bc5 12.Bxc5 Qxc5+ 13.Kh1 b4 14.Nb1 h5 15.Nd2 h4
16.Qf2 Qxf2 17.Rxf2 h3 18.g3 d5 19.exd5 Bxd5+ 20.Kg1 Ke7 21.Nc4 Ne4 22.Bxe4 Bxe4
23.Re1 f5 24.Nd2 Bxc2 25.Rfe2 Rhd8 26.Rxe6+ Kf8 27.Nf3 Be4 28.Kf2 Bxf3 29.Kxf3 Rd3+
30.R6e3 Rd2 31.R1e2 Rd1 32.a3 Rf1+ 33.Rf2 Rxf2+ 34.Kxf2 bxa3 35.Rxa3 Rc8
36.Re3 Rc2+ 37.Re2 Rc1  1/2-1/2

[Event "New York WFW"]
[Site "New York"]
[Date "1990.??.??"]
[Round "?"]
[White "Kotronias, Vasilios"]
[Black "Wolff, Patrick G"]
[Result "1/2-1/2"]
[WhiteElo "2510"]
[BlackElo "2540"]

1.e4 c5 2.Nf3 e6 3.d4 cxd4 4.Nxd4 Nc6 5.Nc3 a6 6.Be2 d6 7.Be3 Nf6 8.O-O Be7
9.f4 O-O 10.Qe1 Nxd4 11.Bxd4 b5 12.Rd1 Bb7 13.Bf3 b4 14.Na4 Qa5 15.b3 e5
16.Bb6 Qb5 17.Be2 Qc6 18.Qxb4 exf4 19.Bf3 Qb5 20.Qd2 Nxe4 21.Qxf4 Bg5 22.Qg4 f5
23.Qh5 g6 24.Qh3 Rae8 25.c4 Qe5 26.Bxe4  1/2-1/2